=LDR 00000nam 2200000 4500 =001 INLIS000000000033209 =005 20130612135158 =008 ***********************************ind** =035 ##$$0010-061300000033209 =041 ##$$a ind =082 ##$$a 330.01 =090 ##$$a 330.01, Ban t =100 ##$$a BANGUN, Wilson, Dr =245 ##$$a Teori Ekonomi Mikro / Dr. Wilson Bangun ; Editor, M.R.Arken =260 ##$$a 2010 $b Bandung =300 ##$$a xvi, 151 hlm, 24 cm =650 ##$$a Ekonomi =700 ##$$a Arken, M.R =850 ##$$a NBPNMAT